[Event "ENG-ch U16"]
[Site "Torquay"]
[Date "2022.08.11"]
[Round "5"]
[White "McClain, Jack"]
[Black "Jackson, Edward"]
[Result "0-1"]
[WhiteElo "1898"]
[BlackElo "1787"]
[PlyCount "120"]
[EventDate "2022.08.08"]
[EventType "swiss"]
[EventRounds "7"]
[EventCountry "ENG"]
[SourceTitle "EXT 2023"]
[Source "ChessBase"]
[SourceDate "2022.10.05"]
[SourceVersion "1"]
[SourceVersionDate "2022.10.05"]
[SourceQuality "1"]

1. d4 Nf6 2. Nc3 d5 3. Bf4 e6 4. e3 Bb4 5. Bd3 c5 6. dxc5 Bxc5 7. Nf3 0-0 8. 0-0 Nc6 9. Re1 Re8 10. Bg5 Bb4 11. a3 Bxc3 12. bxc3 e5 13. Bxf6 Qxf6 14. e4 dxe4 15. Bxe4 Bf5 16. Rb1 Bxe4 17. Rxe4 Rad8 18. Qe2 Qe7 19. g4 Qxa3 20. Rxb7 Qxc3 21. Rc4 Qa1+ 22. Kg2 Qa6 23. Rc7 Nd4 24. Nxd4 exd4 25. Qf3 Qe6 26. h3 a5 27. R4c6 Qd5 28. Qxd5 Rxd5 29. Ra6 h5 30. Raa7 hxg4 31. hxg4 Rg5 32. Rxf7 Rxg4+ 33. Kf3 Rg5 34. Rfd7 Rf8+ 35. Ke2 Rg2 36. Rxa5 Rfxf2+ 37. Kd3 Rd2+ 38. Ke4 Rxc2 39. Ra8+ Kh7 40. Rxd4 Rg4+ 41. Kd3 Rxd4+ 42. Kxd4 Re2 43. Ra1 Re6 44. Rh1+ Kg6 45. Rg1+ Kf7 46. Kd5 Rf6 47. Ke5 g6 48. Ra1 Rf5+ 49. Ke4 Kf6 50. Ra8 Kg5 51. Ra1 Rf4+ 52. Ke3 Kf5 53. Ra5+ Kg4 54. Ra6 g5 55. Rg6 Rf8 56. Rh6 Kg3 57. Rg6 Re8+ 58. Kd2 g4 59. Rc6 Kh2 60. Rc1 g3 0-1

[Event "Vancouver op"]
[Site "Chess.com INT"]
[Date "2020.07.26"]
[Round "?"]
[White "McClain, Jack"]
[Black "Lu, Ryan"]
[Result "1/2-1/2"]
[WhiteElo "1783"]
[BlackElo "1948"]
[PlyCount "107"]
[EventDate "2020.07.25"]
[EventType "swiss"]
[EventRounds "5"]
[EventCountry "USA"]
[SourceTitle "EXT 2023"]
[Source "ChessBase"]
[SourceDate "2022.10.05"]
[SourceVersion "1"]
[SourceVersionDate "2022.10.05"]
[SourceQuality "1"]

1. e4 c6 2. d4 d5 3. Nc3 dxe4 4. Nxe4 Bf5 5. Ng3 Bg6 6. h4 h6 7. Nf3 Nd7 8. Bd3 Bxd3 9. Qxd3 e6 10. Bd2 Ngf6 11. 0-0-0 Be7 12. Ne4 Nxe4 13. Qxe4 Nf6 14. Qd3 0-0 15. Ne5 Qd5 16. c4 Qe4 17. Qg3 Qh7 18. f3 Rac8 19. Qh3 b5 20. g4 Bd6 21. g5 Bxe5 22. dxe5 Nd7 23. gxh6 Nxe5 24. Bf4 Nd3+ 25. Rxd3 Qxd3 26. Qg4 Qxc4+ 27. Kb1 Qd3+ 28. Ka1 Qg6 29. hxg7 Kxg7 30. Qh3 Rh8 31. h5 Qf5 32. Qg3+ Kh7 33. Qh2 Rhg8 34. Re1 Rg7 35. Be5 Rg5 36. h6 Rd8 37. f4 Rg4 38. Qf2 f6 39. Qxa7+ Kh8 40. Qe7 fxe5 41. Qxd8+ Rg8 42. Qd6 exf4 43. Qd4+ e5 44. Rxe5 Qf6 45. h7 Rf8 46. Qc3 Qg7 47. Qe1 f3 48. Re8 f2 49. Rxf8+ Qxf8 50. Qe5+ Kxh7 51. Qh5+ Qh6 52. Qf7+ Kh8 53. Qe8+ Kg7 54. Qd7+ 1/2-1/2